Cours de legislation industrielle (Lecence 3e annee) (Record no. 40722)

MARC details
000 -LEADER
campo de control de longitud fija 00568nam a2200169 i 4500
001 - NÚMERO DE CONTROL
campo de control 40722
003 - IDENTIFICADOR DE NÚMERO DE CONTROL
campo de control ES-MaACL
005 - FECHA Y HORA DE LA ÚLTIMA TRANSACCIÓN
campo de control 20230906160311.0
007 - CAMPO FIJO DE DESCRIPCIÓN FÍSICA--INFORMACIÓN GENERAL
campo de control de longitud fija t|
008 - DATOS DE LONGITUD FIJA--INFORMACIÓN GENERAL
campo de control de longitud fija 030306s1912 fr ||||1| fre d
100 1# - ENTRADA PRINCIPAL--NOMBRE DE PERSONA
Nombre de persona Capitant, Henri.
9 (RLIN) 34854
245 10 - MENCIÓN DEL TÍTULO
Título Cours de legislation industrielle (Lecence 3e annee)
Resto del título : professe áa la Faculte de Droit de Paris, anne 1911-12 /
Mención de responsabilidad, etc. par Henri Capitant.
260 ## - PUBLICACIÓN, DISTRIBUCIÓN, ETC.
Lugar de publicación, distribución, etc. [S.l. :
Nombre del editor, distribuidor, etc. s.n.,
Fecha de publicación, distribución, etc. 1912] (
Lugar de fabricación/manufactura Pozuelo :
Fabricante J. Thevenot)
300 ## - DESCRIPCIÓN FÍSICA
Extensión 564 p. ;
Dimensiones 23 cm.
650 #4 - PUNTO DE ACCESO ADICIONAL DE MATERIA--TÉRMINO DE MATERIA
Término de materia o nombre geográfico como elemento de entrada Industria-
Subdivisión general Legislación.
9 (RLIN) 164969
852 ## - LOCALIZACIÓN
Ubicación ES-MaACL
Número de control de estantería B-554
Holdings
Estatus retirado Estado de pérdida Estado de daño No para préstamo Biblioteca de origen Biblioteca actual Ubicación en estantería Fecha de adquisición Fuente de adquisición Total de préstamos Signatura topográfica completa Código de barras Visto por última vez Precio de reemplazo Tipo de ítem Koha
        Biblioteca del Ateneo de Madrid Biblioteca del Ateneo de Madrid Sala Pardo Bazán 17/01/2008     B-554 1042871 23/02/2023 23/02/2023 Libro impreso